000 00553nam a2200205Ia 4500
003 GCL
008 140319s9999 xx 000 0 eng d
040 _aGCL /
_cGCL
082 0 4 _a621
_bM M
100 1 _aTEICH, MIKULAS
245 1 0 _aMECHATRONICS: ELECTROMECHANICS AND CONTROMECHANICS /
_cTEICH, MIKULAS
700 1 _aPADWICK,GORDON
700 1 _aHABIL, HASOOMA
700 1 _aILIFFE, JOHN
260 _a[S.N] :
_bMACMILLAN PUBLISHING COMPANY ،
_c1993
300 _a232 PP
650 0 4 _aELECTRICITY
650 0 4 _aMECHTRONICS
942 _2ddc
_cBK
999 _c17584
_d17584